La idea de la razón de Estado en la edad moderna.

保存先:
書誌詳細
第一著者: Meinecke, Friedrich (autor)
その他の著者: González Vicen, Felipe (traducción del alemán), Díez del Corral, Luis (estudio preliminar)
フォーマット: 図書
言語:スペイン語
出版事項: Madrid, España: Centro de Estudios Constitucionales, 1952.
シリーズ:Estudios Políticos.
主題:
タグ: タグ追加
タグなし, このレコードへの初めてのタグを付けませんか!

MARC

LEADER 00000nam a2200000 a 4500
001 UCS8406
003 CL-VaPUC
005 20250313110308.0
008 971031e19830000SP |||||||||||||||||spa|d
999 |c 262835  |d 262833 
020 |a 84-259-0674-1. 
040 |c Pontificia Universidad Católica de Valparaíso 
082 0 4 |a 320.109 MEI 1952  |2 21 
100 |a Meinecke, Friedrich  |e autor  |9 459017 
245 1 3 |a La idea de la razón de Estado en la edad moderna. 
260 0 3 |a Madrid, España:   |b Centro de Estudios Constitucionales,  |c 1952. 
300 |a 465 páginas. 
490 0 |a Estudios Políticos.  
500 |a c.2 Donación Familia Prof. Alejandro Guzmán Brito.  
583 |a last modification  |c 20170531 12:22:36  |k Rodrigo Vera 
650 0 |a Teoría del Estado  |9 255507 
650 0 |a Edad moderna  |9 350383 
650 0 |a Absolutismo  |9 257456 
650 0 |a Filosofía política  |9 295215 
700 |a González Vicen, Felipe  |9 859415  |e traducción del alemán  
700 |a Díez del Corral, Luis  |9 435486  |e estudio preliminar  
942 |c BK  |2 ddc  |n 0 
945 |d 19971031 00:00:00  |a aolguin 
952 |0 0  |1 0  |2 ddc  |4 0  |6 320_109000000000000_MEI_1952  |7 0  |8 DER_TF  |9 291737  |a BIBDER  |b BIBDER  |d 2019-11-19  |i 189787K  |o 320.109 MEI 1952  |p 189787K  |r 2023-01-25  |t 1  |w 2019-11-19  |x Ubicación 4to Piso  |y BK  |z Estos recursos deben solicitarse con anticipación  |k DER